Actas de las Conferencias de metropolitanos españoles (1921-1965)

Saved in:
Bibliografiske detaljer
Andre forfattere: Cárcel Ortí, Vicente (Editor), Yanes Alvarez, Elías (presentación)
Format: Bog
Sprog:engelsk
Udgivet: Madrid, España: Biblioteca de autores cristianos, 1994
Serier:Biblioteca de autores cristianos, 540
Fag:
Tags: Tilføj Tag
Ingen Tags, Vær først til at tagge denne postø!

MARC

LEADER 00000nam a22000007a 4500
003 CL-VaPUC
005 20220613083000.0
008 220418b1994 ||||| |||| 00| 0 eng d
999 |c 435415  |d 435413 
020 |a 84-7914-135-2 
040 |c Pontificia Universidad Católica de Valparaíso 
082 7 |a 282.460904 CAR 1994  |2 22 
100 1 |a Cárcel Ortí, Vicente   |e editor  |9 868542 
245 |a Actas de las Conferencias de metropolitanos españoles (1921-1965) 
260 |a Madrid, España:   |b Biblioteca de autores cristianos,  |c 1994 
300 |a 847 páginas 
490 |a Biblioteca de autores cristianos, 540 
500 |a C.1 Donación Carlos Salinas Araneda. Memo 001. 05/01/2022 
583 |c 20220418  |k Catalogador Asistente 
610 |a Iglesia Católica   |z España  |x Congresos   |x Historia   |y Siglo 20  |9 870228 
650 |a Arzobispos metropolitanos   |z España   |y 1921-1965  |9 870229 
700 |a Yanes Alvarez, Elías  |e presentación  |9 868543 
942 |2 ddc  |c BK 
952 |0 0  |1 0  |2 ddc  |4 0  |6 282_460904000000000_CAR_1994  |7 0  |8 A  |9 582619  |a BIBDER  |b BIBDER  |d 2022-04-18  |e Donación  |i 5650778  |o 282.460904 CAR 1994  |p 5650778  |r 2023-01-25  |t 1  |w 2022-04-18  |y BK  |k DER